<?xml version="1.0" encoding="UTF-8"?>
<record
    xmlns:xsi="http://www.w3.org/2001/XMLSchema-instance"
    xsi:schemaLocation="http://www.loc.gov/MARC21/slim http://www.loc.gov/standards/marcxml/schema/MARC21slim.xsd"
    xmlns="http://www.loc.gov/MARC21/slim">

  <leader>02119nam a22004217a 4500</leader>
  <controlfield tag="003">OSt</controlfield>
  <controlfield tag="005">20191029062725.0</controlfield>
  <controlfield tag="008">180226b        xxu||||| |||| 00| 0 spa d</controlfield>
  <datafield tag="020" ind1=" " ind2=" ">
    <subfield code="a">9509385557</subfield>
  </datafield>
  <datafield tag="040" ind1=" " ind2=" ">
    <subfield code="c">PJ</subfield>
  </datafield>
  <datafield tag="245" ind1="1" ind2="0">
    <subfield code="a">Protecci&#xF3;n del administrado /</subfield>
    <subfield code="c">Jorge Sarmiento Garcia....[et. al].</subfield>
  </datafield>
  <datafield tag="260" ind1=" " ind2=" ">
    <subfield code="a">Buenos Aires :</subfield>
    <subfield code="b">Ciudad Argentina, </subfield>
    <subfield code="c">1996.</subfield>
  </datafield>
  <datafield tag="300" ind1=" " ind2=" ">
    <subfield code="a">411 p.</subfield>
    <subfield code="c">20cm</subfield>
  </datafield>
  <datafield tag="505" ind1=" " ind2=" ">
    <subfield code="t">Introducci&#xF3;n al procedimiento y al proceso administrativos /</subfield>
    <subfield code="r">Jorge H. Sarmiento Garc&#xED;a.</subfield>
  </datafield>
  <datafield tag="505" ind1=" " ind2=" ">
    <subfield code="t">&#xBF;Hacia d&#xF3;nde va (o debiera ir) el proceso administrativo, tras la reforma constitucional? /</subfield>
    <subfield code="r">Javier Urrutigoity.</subfield>
  </datafield>
  <datafield tag="505" ind1=" " ind2=" ">
    <subfield code="t">Causas y consecuencias de la morosidad administrativa / </subfield>
    <subfield code="r">Alberto M. S&#xE1;nchez.</subfield>
  </datafield>
  <datafield tag="505" ind1=" " ind2=" ">
    <subfield code="t">La impugnaci&#xF3;n administrativa, las otras v&#xED;as paralelas y el "nuevo" amparo constitucional /</subfield>
    <subfield code="r">Olga Pura Arrabal de Canals.</subfield>
  </datafield>
  <datafield tag="505" ind1=" " ind2=" ">
    <subfield code="t">El h&#xE1;beas data y la actividad estatal /</subfield>
    <subfield code="r">Juan Fernando Armagnague.</subfield>
  </datafield>
  <datafield tag="505" ind1=" " ind2=" ">
    <subfield code="t">Suspensi&#xF3;n de la ejecuci&#xF3;n del acto administrativo /</subfield>
    <subfield code="r">Jos&#xE9; Luis Correa.</subfield>
  </datafield>
  <datafield tag="505" ind1=" " ind2=" ">
    <subfield code="t">La protecci&#xF3;n del administrado en la contrataci&#xF3;n administrativa /</subfield>
    <subfield code="r">Marta Gonz&#xE1;lez de Aguirre.</subfield>
  </datafield>
  <datafield tag="505" ind1=" " ind2=" ">
    <subfield code="t">La autonom&#xED;a universitaria y el recurso de alzada en las universidades nacionales /</subfield>
    <subfield code="r">Julio A. Alvarez.</subfield>
  </datafield>
  <datafield tag="505" ind1=" " ind2=" ">
    <subfield code="t">Gastos caus&#xED;dicos en el procedimiento y proceso administrativos. Juriprudencia /</subfield>
    <subfield code="r">Liliana C. Giannaccari de Mathus.</subfield>
  </datafield>
  <datafield tag="505" ind1=" " ind2=" ">
    <subfield code="t">Pr&#xF3;rroga de la jurisdicci&#xF3;n internacional /</subfield>
    <subfield code="r">Efr&#xE1;in I. Quevedo Mendoza.</subfield>
  </datafield>
  <datafield tag="650" ind1=" " ind2="0">
    <subfield code="a">DERECHO ADMINISTRATIVO</subfield>
    <subfield code="9">211</subfield>
  </datafield>
  <datafield tag="650" ind1=" " ind2="0">
    <subfield code="a">PROCEDIMIENTO ADMINISTRATIVO</subfield>
    <subfield code="9">1135</subfield>
  </datafield>
  <datafield tag="650" ind1=" " ind2="0">
    <subfield code="a">ACTO ADMINISTRATIVO</subfield>
    <subfield code="9">1171</subfield>
  </datafield>
  <datafield tag="700" ind1=" " ind2=" ">
    <subfield code="a">Sarmiento Garc&#xED;a, Jorge H.</subfield>
    <subfield code="9">24</subfield>
  </datafield>
  <datafield tag="700" ind1=" " ind2=" ">
    <subfield code="9">30</subfield>
    <subfield code="a">Urrutigoity, Javier </subfield>
  </datafield>
  <datafield tag="700" ind1=" " ind2=" ">
    <subfield code="9">4160</subfield>
    <subfield code="a">Sanchez, Alberto M.</subfield>
  </datafield>
  <datafield tag="700" ind1=" " ind2=" ">
    <subfield code="9">4161</subfield>
    <subfield code="a">Arrabal de Canals, Olga Pura</subfield>
  </datafield>
  <datafield tag="700" ind1=" " ind2=" ">
    <subfield code="9">786</subfield>
    <subfield code="a">Armagnague, Juan Fernando</subfield>
  </datafield>
  <datafield tag="700" ind1=" " ind2=" ">
    <subfield code="9">788</subfield>
    <subfield code="a">Correa, Jos&#xE9; Luis</subfield>
  </datafield>
  <datafield tag="700" ind1=" " ind2=" ">
    <subfield code="9">3266</subfield>
    <subfield code="a">Gonz&#xE1;lez de Aguirre, Marta</subfield>
  </datafield>
  <datafield tag="700" ind1=" " ind2=" ">
    <subfield code="9">789</subfield>
    <subfield code="a">Alvarez, Julio</subfield>
  </datafield>
  <datafield tag="700" ind1=" " ind2=" ">
    <subfield code="9">4162</subfield>
    <subfield code="a">Giannaccari de Mathus, Liliana C.</subfield>
  </datafield>
  <datafield tag="700" ind1=" " ind2=" ">
    <subfield code="9">2357</subfield>
    <subfield code="a">Quevedo Mendoza, Efrain I.</subfield>
  </datafield>
  <datafield tag="942" ind1=" " ind2=" ">
    <subfield code="2">udc</subfield>
    <subfield code="c">LIB</subfield>
    <subfield code="h">342.9</subfield>
    <subfield code="i">PRO</subfield>
  </datafield>
  <datafield tag="999" ind1=" " ind2=" ">
    <subfield code="c">2737</subfield>
    <subfield code="d">2737</subfield>
  </datafield>
  <datafield tag="952" ind1=" " ind2=" ">
    <subfield code="0">0</subfield>
    <subfield code="1">0</subfield>
    <subfield code="2">udc</subfield>
    <subfield code="4">0</subfield>
    <subfield code="7">0</subfield>
    <subfield code="a">DJS</subfield>
    <subfield code="b">DJS</subfield>
    <subfield code="d">2019-05-03</subfield>
    <subfield code="o">342.9 PRO</subfield>
    <subfield code="p">3696</subfield>
    <subfield code="r">2019-05-03</subfield>
    <subfield code="w">2019-05-03</subfield>
    <subfield code="y">LIB</subfield>
  </datafield>
</record>
